Population Battle - Capital Cities - Sudden Death - Statistics

General Stats
  • This quiz has been taken 1,855 times
  • The average score is 4 of 10
Answers on the Grid
Answers color-coded by a green-red scale on the quiz's grid according to % correct below.
Beijing
Jakarta
Seoul
Brasília
Buenos Aires
Santiago
Canberra
Ottawa
Wellington
Oslo
Copenhagen
Stockholm
Baku
Manama
Tbilisi
Amsterdam
Berlin
Rome
Bangui
Dakar
Tunis
Athens
Baghdad
Bogotá
Belgrade
Dublin
Warsaw
Damascus
Kiev
Lusaka
 
Answer Stats
Answer % Correct
Jakarta
85%
Buenos Aires
79%
Ottawa
52%
Stockholm
46%
Berlin
31%
Baku
29%
Bogotá
23%
Dakar
22%
Warsaw
22%
Damascus
6%
No matching quizzes found
Score Distribution
Percent of People with Each Score
Percentile by Number Answered
Your Score History
You have not taken this quiz